| 000 | 00731nam a2200217Ia 4500 | ||
|---|---|---|---|
| 003 | GCL | ||
| 008 | 140319s9999 xx 000 0 ara d | ||
| 040 |
_aGCL / _cGCL |
||
| 082 | 0 | 4 |
_a667.6 _bج و |
| 100 | 1 | _aجعفر طه الهاشمى | |
| 245 | 1 | 0 |
_aالمرشد العلمى : _bلصناعة جميع انواع الدهانات السطحية / _cجعفر طه الهاشمى |
| 250 | _aالاولى | ||
| 260 |
_aسوريا : _bدار الصفدى للطباعة والنشر ، _c2001 |
||
| 300 |
_a308 ص ؛ _c24 سم |
||
| 650 | 0 | 4 | _aاصباغ الطلاء |
| 650 | 0 | 4 | _aالطلاء |
| 650 | 0 | 4 | _aالحبر |
| 650 | 0 | 4 | _aالدهانات |
| 650 | 0 | 4 | _aالطلاء - صناعة وتجارة |
| 942 |
_2ddc _cBK |
||
| 999 |
_c6474 _d6474 |
||